| 000 | 00897cam a22002891 4500 | ||
|---|---|---|---|
| 001 | sa 66007713 | ||
| 003 | DLC | ||
| 005 | 20260227112307.0 | ||
| 008 | 891214s1966 ii 010 0 malo | ||
| 010 | _asa 66007713 | ||
| 035 | _a(OCoLC)20784636 | ||
| 040 |
_aDLC _cWaU _dDLC |
||
| 042 | _apremarc | ||
| 050 | 0 | 0 |
_aPK3635 _b.M25 1965 |
| 130 | 0 |
_aMahābhārata. _lMalayalam. |
|
| 245 | 1 | 0 | _aŚr̲imahābhārataṃ. |
| 250 | _a[1st S.P.C.S. ed.] | ||
| 260 | _c[1966] | ||
| 300 |
_a7 v. _c22 cm. |
||
| 500 | _aEdited by Rajaraja Varma Raja, A. D. Hari Sarma and Vennikkulam Gopala Kurup. | ||
| 500 | _aPublished on the occasion of the translator's 100th birthday. | ||
| 500 | _aIn Malayalam. | ||
| 700 | 0 |
_aRajaraja Varma Raja, _d1891- |
|
| 700 | 2 |
_aHari Sarma, A. D., _d1893-1972. |
|
| 700 | 2 |
_aGopala Kurup, Vennikkulam, _d1902- |
|
| 700 | 0 |
_aKuññikkuṭṭantampurān, _d1864-1912. |
|
| 999 |
_c71359 _d71359 |
||